|
|
|
|
| LEADER |
01241ncm a2200385 a 4500 |
| 001 |
000601531 |
| 003 |
CZ BrMZK |
| 005 |
20201119120656.0 |
| 007 |
q |
| 008 |
020521s2001 xr hya f lat d |
| 015 |
|
|
|a cnb001027828
|
| 024 |
2 |
|
|a M706523231
|
| 028 |
2 |
1 |
|a 9911004
|b Spectrum
|
| 040 |
|
|
|a BOA001
|b cze
|
| 045 |
|
|
|a x-x-
|
| 047 |
|
|
|a hy
|
| 048 |
|
|
|a ob01
|a ca01
|b va01
|
| 072 |
|
7 |
|a 784
|x Vokální hudba
|2 Konspekt
|9 9
|
| 080 |
|
|
|a 783
|2 MRF
|
| 080 |
|
|
|a 783.4
|2 MRF
|
| 080 |
|
|
|a 78.089.6
|2 MRF
|
| 100 |
1 |
|
|a Thuri, František Xaver,
|d 1939-2019
|7 jn20000402351
|4 cmp
|
| 245 |
1 |
0 |
|a Hymnus adventualis
|h [hudebnina] :
|b per soprano e coro con instrumenti : partitura /
|c František Xaver Thuri
|
| 254 |
|
|
|a Partitura
|
| 260 |
|
|
|a Praha :
|b Spectrum,
|c 2001
|
| 300 |
|
|
|a 1 partitura (38 s.) ;
|c 29 cm
|
| 490 |
1 |
|
|a Musica sacra
|
| 648 |
|
7 |
|a 20. století
|7 ch460558
|2 czenas
|
| 650 |
0 |
7 |
|a duchovní hudba
|7 ph114372
|y 20. stol.
|2 czenas
|
| 650 |
0 |
4 |
|a hymnus (zpěv, smíšený sbor, komorní orchestr)
|
| 655 |
|
7 |
|a partitury
|7 fd185981
|2 czenas
|
| 830 |
|
0 |
|a Musica sacra
|
| 910 |
|
|
|a BOA001
|b Mus4-1094.601
|
| 990 |
|
|
|a MU
|
| 996 |
6 |
|
|b 2610160950
|c Mus4-1094.601
|l MZK
|r Sklad / do 1 hodiny
|n 0
|w 000601531
|u 000010
|a 1
|e BOA001
|j MZK50
|s P
|